000 00982nas a2200313 4500
001 BR0704039
003 BR-BrBNA
005 20231205111044.0
007 ta
008 230509b bl.|||p| |||| 00| 00por d
040 _aBR-BrBNA
_bpor
_cBiblioteca Nacional de Agricultura
041 _a(Pt)
072 _aH10
100 1 _aScanavachi, F.A.
100 1 _aFigueiredo, R.S.
100 1 _aOliveira, F.H. de
100 1 _aCalafiori, M.H.
100 1 _aAndrade, R.C. de
245 1 _aDiferentes níveis de potássio influenciando a lagarta do cartucho, Spodoptera frugiperda (J.E. Smith, 1797)em duas variedades de milho (Zea mays L.)
650 _aLAGARTA DO CARTUCHO
650 _aSPODOPTERA FRUGIPERDA
650 _aMILHO
650 _aZEA MAYS
650 _aADUBAÇÃO
650 _aPOTÁSSIO
773 0 _tEcossistema (Brazil)
_xISSN 0100-4107
_g(Jan-Dec 2004), v. 29(1-2) p. 5-8
_wBR0704039
909 _a202311
_bLúcia
_c55
_dLúcia Elande
942 _2AGRIS
_n0
_cANA
999 _c190373
_d190373